Quiz wielokrotnego wyboru - Japonia - Statystyki

Ogólne statystyki
  • Ten quiz został rozwiązany 238 razy
  • Średni wynik to 10 z 15
Statystyki odpowiedzi
Zagadnienie Odpowiedź % Poprawnych
Prawda czy fałsz. Japonia może się pochwalić większą gęstością zaludnienia niż Stany Zjednoczone. Prawda
94%
Czym są sakura? Kwiaty wiśni
88%
Jaka jest przybliżona populacja Japonii? 127 milionów
85%
Kto próbował najechać Japonię w 1271 i 1284 roku, ale został odwrócony przez tajfuny? Mongołowie
85%
Jaki sport przyciąga najwięcej widzów w Japonii? Baseball
73%
Kto był cesarzem Japonii podczas II wojny światowej? Hirohito
73%
W języku japońskim kraj to państwo jest reprezentowane przez następujące znaki: „日本”. Jakie jest dosłowne znaczenie tych znaków? Pochodzenie słońca
73%
Która firma jest producentem zarówno instrumentów muzycznych, jak i motocykli? Yamaha
67%
Które miasto jest położone najdalej na północ? Sapporo
64%
Jaki procent populacji Japonii stanowią etniczni Japończycy? Więcej niż 98%
64%
Z którym państwem Japonia prowadziła wojnę w latach 1904-05? Rosja
61%
Czym jest torii? Symboliczna brama o charakterystycznym kształcie
58%
Które z nich NIE zostało wynalezione w Japonii? Telefon Komórkowy
55%
Który z nich nie jest filmem Miyazakiego? Kowboj Bebop
52%
Jak nazywa się japońska władza ustawodawcza? Dieta
9%
Nie znaleziono quizów pasujących do podanych kryteriów
Rozkład punktacji
Procent ludzi z każdym wynikiem
Percentyl według liczby udzielonych odpowiedzi
Twoja historia wyników
Nie rozwiązałeś tego quizu